Capital Cities from South to North with Map - Statistics

General Stats
  • This quiz has been taken 463 times
    453 since last reset
  • The average score is 97 of 200
Answers on the Map
Answers color-coded by a green-red scale on the quiz's map according to % correct below.
 
Answer Stats
Answer % Correct
Canberra
100%
Wellington
100%
Montevideo
89%
CapeTown
87%
Buenos Aires
85%
Santiago
85%
Maseru
78%
Maputo
76%
Asuncion
74%
Bloemfontein
74%
Mbabane
74%
Pretoria
74%
Windhoek
74%
Antananarivo
72%
Brasilia
72%
Gaborone
72%
La Paz
72%
Sucre
72%
Suva
72%
Harare
70%
Port Louis
70%
Apia
67%
Brazzaville
67%
Dodoma
67%
Gitega
67%
Kinshasa
67%
Lilongwe
67%
Lima
67%
Lusaka
67%
Mogadishu
67%
Nairobi
67%
Sao Tome
67%
Dili
65%
Jakarta
65%
Kampala
65%
Kigali
65%
Kuala Lumpur
65%
Libreville
65%
Luanda
65%
Port Vila
65%
Singapore
65%
Victoria
65%
Bangui
63%
Honiara
63%
Male
63%
Moroni
63%
Nukualofa
63%
Port Moresby
63%
Quito
63%
Yaounde
63%
Bandar Seri Begawan
61%
Bogota
61%
Funafuti
61%
Juba
61%
Malabo
61%
South Tarawa
61%
Yaren
61%
Accra
59%
Monrovia
59%
Paramaribo
57%
Lome
54%
Porto-Novo
54%
Abuja
50%
Caracas
50%
Freetown
50%
Georgetown
50%
Panama City
50%
San Jose
50%
Conakry
48%
Majuro
48%
Addis Ababa
46%
Belmopan
46%
Havana
46%
Managua
46%
Mexico City
46%
Nassau
46%
Ngerulmud
46%
Port-of-Spain
46%
San Salvador
46%
Yamoussoukro
46%
Abu Dhabi
43%
Bamako
43%
Bangkok
43%
Bissau
43%
Bridgetown
43%
Cotonou
43%
Dakar
43%
Dhaka
43%
Doha
43%
Guatemala City
43%
Hanoi
43%
Kingston
43%
Manama
43%
Manila
43%
Muscat
43%
Naypyidaw
43%
N'Djamena
43%
Ouagadougou
43%
Palikir
43%
Port-au-Prince
43%
Praia
43%
Riyadh
43%
Santo Domingo
43%
Sri Jayawardenepura Kotte
43%
Taipei
43%
Vientiane
43%
Algiers
41%
Amman
41%
Asmara
41%
Baghdad
41%
Beirut
41%
Cairo
41%
Damascus
41%
Djibouti
41%
Islamabad
41%
Jerusalem
41%
Kabul
41%
Kathmandu
41%
Khartoum
41%
Kingstown
41%
Kuwait City
41%
New Delhi
41%
Niamey
41%
Nicosia
41%
Nouakchott
41%
Phnom Penh
41%
Rabat
41%
Sana'a
41%
St. Georges
41%
Tegucigalpa
41%
Tehran
41%
Thimphu
41%
Tokyo
41%
Tripoli
41%
Tunis
41%
Valletta
41%
Ankara
39%
Ashgabat
39%
Athens
39%
Baku
39%
Banjul
39%
Basseterre
39%
Beijing
39%
Dushanbe
39%
Lisbon
39%
Madrid
39%
Pyongyang
39%
Roseau
39%
Seoul
39%
St, John's
39%
Washington D.C.
39%
Yerevan
39%
Castries
37%
Helsinki
37%
Oslo
37%
Reykjavik
37%
Rome
37%
Skopje
37%
Stockholm
37%
Tashkent
37%
Tbilisi
37%
Tirana
37%
Vatican City
37%
Andorra la Vella
35%
Belgrade
35%
Bishkek
35%
Bucharest
35%
Copenhagen
35%
Monaco
35%
Moscow
35%
Podgorica
35%
Pristina
35%
Riga
35%
San Marino
35%
Sarajevo
35%
Sofia
35%
Tallinn
35%
Bern
33%
Budapest
33%
Chisinau
33%
Ljubljana
33%
Minsk
33%
Ottawa
33%
Ulaan Baatar
33%
Vaduz
33%
Vilnius
33%
Zagreb
33%
Amsterdam
30%
Astana
30%
Berlin
30%
Bratislava
30%
Brussels
30%
Dublin
30%
Kiev
30%
London
30%
Luxembourg
30%
Paris
30%
Prague
30%
Vienna
30%
Warsaw
30%
No matching quizzes found
Score Distribution
Percent of People with Each Score
Percentile by Number Answered
Your Score History
You have not taken this quiz since the last reset